000 00537nam a22001817a 4500
005 20251204150328.0
008 240902b |||||||| |||| 00| 0 eng d
020 _a978-93-5466-477-9
041 _aeng
082 _a611 CHA-H
100 _aCHAURASIA B.D.
245 _a HUMAN ANATOMY::REGIONAL AND APPLIED DISSECTION AND CLINICAL BRAIN-NEUROANATOMY [ VOL-4]
250 _a9TH ED. 2023
260 _aNEW DELHI
_bC.B.S PUBLISHERS & DISTRIBUTORS PVT.LTD
300 _a226;P
650 _aPARAMEDICAL
_xBMLT/BMIRT
_98847
942 _cBK
999 _c8619
_d8617